| 000 | 00671cam a2200241 a 4500 | ||
|---|---|---|---|
| 008 | |||
| 020 | _a0750637536 (pbk.) | ||
| 049 | _aMAIN | ||
| 090 |
_aTH151 _bCHU |
||
| 100 | 1 | _aChudley, R. | |
| 245 | 1 | 0 |
_aBuilding construction handbook / _cR. Chudley and R. Greeno. |
| 250 | _a3rd ed. | ||
| 260 |
_aOxford : _bBoston, _c1998. |
||
| 300 |
_a608 p. : _bill., plans ; _c24 cm. |
||
| 500 | _aIncludes index. | ||
| 650 | 0 |
_aBuilding _xHandbooks, manuals, etc |
|
| 700 | 1 | _aGreeno, Roger. | |
| 907 |
_a.b1033077x _b15-05-13 _c15-05-13 |
||
| 003 | |||
| 005 | 20230123122009.0 | ||
| 040 | _cNUST | ||
| 942 |
_cBOOKS _kTH151 _mCHU |
||
| 999 |
_c126032 _d126032 |
||